[Event "HUN-chT2 Toth 1516"]
[Site "Hungary"]
[Date "2016.02.14"]
[Round "7.11"]
[White "Gurzo, Bence Bendeguz"]
[Black "Farkas, Janos"]
[Result "0-1"]
[WhiteElo "1459"]
[BlackElo "1828"]
[PlyCount "62"]
[EventDate "2015.09.13"]
[EventType "team-tourn"]
[EventRounds "11"]
[EventCountry "HUN"]
[SourceTitle "EXT 2017"]
[Source "ChessBase"]
[SourceDate "2016.10.25"]
[SourceVersion "1"]
[SourceVersionDate "2016.10.25"]
[SourceQuality "1"]
[WhiteTeam "Gyula"]
[BlackTeam "Maroczy II"]
[WhiteTeamCountry "HUN"]
[BlackTeamCountry "HUN"]

1. e4 e5 2. Nf3 Nc6 3. Bb5 a6 4. Ba4 Nf6 5. d3 Bc5 6. 0-0 d6 7. Nc3 0-0 8. Bg5 h6 9. Bh4 Bg4 10. h3 Bxf3 11. Qxf3 Nd4 12. Qd1 b5 13. Bb3 c6 14. Ne2 g5 15. Bg3 Nxb3 16. axb3 Nh5 17. Qd2 f5 18. exf5 Rxf5 19. Bh2 Qf6 20. Ng3 Nxg3 21. Bxg3 h5 22. Rae1 Rf8 23. Re2 h4 24. Bh2 b4 25. g3 Rf3 26. Kg2 hxg3 27. Bxg3 Kg7 28. Ra1 Kg6 29. Rxa6 Rxg3+ 30. Kxg3 Qf3+ 31. Kh2 Rh8 0-1

[Event "HUN-chT Csongrad Region"]
[Site "Hungary"]
[Date "2015.09.20"]
[Round "1.5"]
[White "Farkas, Janos"]
[Black "Valyi, Blanka Borbala"]
[Result "0-1"]
[WhiteElo "1799"]
[BlackElo "1895"]
[PlyCount "86"]
[EventDate "2015.09.20"]
[EventType "team-tourn"]
[EventRounds "9"]
[EventCountry "HUN"]
[SourceTitle "EXT 2017"]
[Source "ChessBase"]
[SourceDate "2016.10.25"]
[SourceVersion "1"]
[SourceVersionDate "2016.10.25"]
[SourceQuality "1"]

1. Nf3 Nf6 2. g3 g6 3. Bg2 Bg7 4. 0-0 0-0 5. d4 d6 6. c4 Nbd7 7. Nc3 c6 8. e4 e5 9. d5 Qc7 10. b3 a6 11. Ba3 Ne8 12. Qd2 c5 13. Rad1 Qb8 14. Bc1 b5 15. h4 Nef6 16. Nh2 bxc4 17. bxc4 Qb4 18. Rfe1 Nb6 19. a3 Qxc4 20. Qb2 Na4 21. Nxa4 Qxa4 22. Qb6 Qd7 23. f4 Nh5 24. Rd3 a5 25. g4 Nxf4 26. Bxf4 exf4 27. e5 Ra6 28. Qb1 dxe5 29. Rc1 Qa7 30. Rc4 Rb6 31. Qd1 Ba6 32. Rdc3 Bxc4 33. Rxc4 Rd6 34. Nf3 Rfd8 35. Ng5 h6 36. Nh3 Qb6 37. Kh1 Qb5 38. Qc2 Rxd5 39. Bxd5 Rxd5 40. Nf2 Qb7 41. Ne4 Rd4 42. Kg1 Qd5 43. Rxc5 Qxe4 0-1

[Event "Senta op 19th"]
[Site "Senta"]
[Date "2015.07.17"]
[Round "8"]
[White "Farkas, Janos"]
[Black "Engi, Igor"]
[Result "1-0"]
[WhiteElo "1788"]
[BlackElo "1652"]
[PlyCount "47"]
[EventDate "2015.07.11"]
[EventType "swiss"]
[EventRounds "9"]
[EventCountry "SRB"]
[SourceTitle "EXT 2016"]
[Source "ChessBase"]
[SourceDate "2015.10.08"]
[SourceVersion "1"]
[SourceVersionDate "2015.10.08"]
[SourceQuality "1"]

1. e4 d5 2. exd5 Qxd5 3. Nc3 Qa5 4. Bc4 Nf6 5. Nf3 Bg4 6. h3 Bxf3 7. Qxf3 c6 8. g4 h6 9. d4 e6 10. Bd2 Qc7 11. 0-0-0 Nbd7 12. h4 Nb6 13. Bb3 0-0-0 14. g5 Nfd5 15. Ne4 Bd6 16. c4 Bb4 17. cxd5 cxd5+ 18. Nc3 h5 19. Kb1 g6 20. Rc1 Kb8 21. Nb5 Qe7 22. Bxb4 Qxb4 23. Qf4+ Ka8 24. Nc7+ 1-0

[Event "HUN-chT2 Toth 1415"]
[Site "Hungary"]
[Date "2015.02.08"]
[Round "8.9"]
[White "Farkas, Janos"]
[Black "Szalaji, Renata"]
[Result "0-1"]
[WhiteElo "1787"]
[BlackElo "1898"]
[PlyCount "90"]
[EventDate "2014.09.07"]
[EventType "team-tourn"]
[EventRounds "11"]
[EventCountry "HUN"]
[SourceTitle "EXT 2016"]
[Source "ChessBase"]
[SourceDate "2015.10.08"]
[SourceVersion "1"]
[SourceVersionDate "2015.10.08"]
[SourceQuality "1"]
[WhiteTeam "Maroczy II"]
[BlackTeam "Szentes"]
[WhiteTeamCountry "HUN"]
[BlackTeamCountry "HUN"]

1. Nf3 Nf6 2. g3 g6 3. Bg2 Bg7 4. 0-0 0-0 5. c4 d6 6. Nc3 Nc6 7. d4 e5 8. dxe5 dxe5 9. Qxd8 Rxd8 10. Bg5 Be6 11. Nd5 Bxd5 12. cxd5 Ne7 13. e4 h6 14. Bxf6 Bxf6 15. Rac1 c6 16. Rfd1 cxd5 17. exd5 Nxd5 18. Nxe5 Bxe5 19. Rc5 Nb6 20. Rxd8+ Rxd8 21. Rxe5 Nc4 22. Re1 Nxb2 23. Bxb7 Kf8 24. Ba6 Na4 25. Rc1 Nb6 26. Rc7 Rd7 27. Rc6 Rd1+ 28. Kg2 Rd2 29. Rc7 Rxa2 30. Rxa7 Ra3 31. g4 Kg7 32. h3 Nd5 33. f3 Nb4 34. Rb7 Nxa6 35. h4 Nc5 36. Rc7 Ne6 37. Rb7 Nf4+ 38. Kf2 Ne6 39. Rb4 Rd3 40. Ke2 Rd4 41. Rb6 h5 42. Ke3 Ra4 43. gxh5 gxh5 44. f4 Nxf4 45. Kf3 Ng6 0-1

[Event "HUN-chT2 Toth 1314"]
[Site "Hungary"]
[Date "2014.03.23"]
[Round "9.11"]
[White "Jako, Robert"]
[Black "Farkas, Janos"]
[Result "1-0"]
[WhiteElo "1726"]
[BlackElo "1799"]
[PlyCount "101"]
[EventDate "2013.09.08"]
[EventType "team-tourn"]
[EventRounds "11"]
[EventCountry "HUN"]
[SourceTitle "EXT 2016"]
[Source "ChessBase"]
[SourceDate "2015.10.08"]
[SourceVersion "1"]
[SourceVersionDate "2015.10.08"]
[SourceQuality "1"]
[WhiteTeam "Gyula"]
[BlackTeam "Szeged Maroczy II"]
[WhiteTeamCountry "HUN"]
[BlackTeamCountry "HUN"]

1. e4 e5 2. Nf3 Nc6 3. Nc3 Nf6 4. Bc4 Bc5 5. 0-0 d6 6. h3 0-0 7. d3 Na5 8. Bb3 Nxb3 9. axb3 c6 10. Na4 Bb6 11. Nxb6 Qxb6 12. Be3 c5 13. c3 Qc7 14. Qd2 a6 15. Rfc1 b5 16. Ne1 Be6 17. Qc2 Qd7 18. b4 Rfc8 19. bxc5 dxc5 20. f3 Ne8 21. Qf2 c4 22. d4 exd4 23. Bxd4 f5 24. exf5 Bxf5 25. Nc2 Rc6 26. Re1 Bxh3 27. g3 Rg6 28. Rad1 Bf5 29. Ne3 Bd3 30. Ng4 Qc7 31. Ne5 Rg5 32. f4 Rh5 33. Qf3 Rxe5 34. Qxa8 Rxe1+ 35. Rxe1 h6 36. Rxe8+ Kh7 37. Rh8+ Kg6 38. Qe8+ Kf5 39. Qe5+ Qxe5 40. Bxe5 g5 41. Rxh6 gxf4 42. Bxf4 a5 43. Rb6 b4 44. cxb4 a4 45. Kf2 Ke4 46. Rb7 Bc2 47. Rc7 Bd3 48. Ra7 Bc2 49. b5 Kd5 50. b6 Kc6 51. b7 1-0

[Event "HUN-chT2 Toth 1213"]
[Site "Hungary"]
[Date "2013.03.24"]
[Round "9.10"]
[White "Farkas, Janos"]
[Black "Kovacs, Istvan"]
[Result "0-1"]
[WhiteElo "1826"]
[BlackElo "1894"]
[PlyCount "60"]
[EventDate "2012.09.16"]
[EventType "team-tourn"]
[EventRounds "11"]
[EventCountry "HUN"]
[SourceTitle "EXT 2014"]
[Source "ChessBase"]
[SourceDate "2013.11.20"]
[SourceVersion "1"]
[SourceVersionDate "2013.11.20"]
[SourceQuality "1"]
[WhiteTeam "Maroczy II"]
[BlackTeam "Ujszasz"]
[WhiteTeamCountry "HUN"]
[BlackTeamCountry "HUN"]

1. e4 c5 2. Nf3 Nc6 3. d4 cxd4 4. c3 dxc3 5. Bc4 e6 6. 0-0 Bc5 7. Nxc3 Nge7 8. Qe2 a6 9. Rd1 b5 10. Bb3 Qb6 11. Bg5 0-0 12. Rac1 Ng6 13. e5 h6 14. Ne4 Nd4 15. Nxd4 Bxd4 16. Be3 Bxe3 17. fxe3 Nxe5 18. Rd6 Qb8 19. Rcd1 Bb7 20. Bc2 Bd5 21. R1xd5 exd5 22. Rxd5 Ng6 23. Qg4 Qb6 24. Kf2 f5 25. Qg3 fxe4+ 26. Ke2 Qf6 27. Bb3 Kh8 28. Qe1 Qxb2+ 29. Rd2 Qe5 30. Rd5 Qxh2 0-1

[Event "HUN-chT2 Toth 1213"]
[Site "Hungary"]
[Date "2012.11.18"]
[Round "4.8"]
[White "Sos, Barnabas"]
[Black "Farkas, Janos"]
[Result "1-0"]
[WhiteElo "1591"]
[BlackElo "1826"]
[PlyCount "71"]
[EventDate "2012.09.16"]
[EventType "team-tourn"]
[EventRounds "11"]
[EventCountry "HUN"]
[SourceTitle "EXT 2014"]
[Source "ChessBase"]
[SourceDate "2013.11.20"]
[SourceVersion "1"]
[SourceVersionDate "2013.11.20"]
[SourceQuality "1"]
[WhiteTeam "Debrecen Sakkbaratok"]
[BlackTeam "Maroczy II"]
[WhiteTeamCountry "HUN"]
[BlackTeamCountry "HUN"]

1. e4 e5 2. Nf3 Nc6 3. Bc4 Nf6 4. d3 Bc5 5. c3 d6 6. h3 0-0 7. a4 d5 8. exd5 Nxd5 9. b4 Be7 10. 0-0 Bf6 11. b5 Na5 12. Bxd5 Qxd5 13. c4 Qd8 14. Ra2 e4 15. dxe4 Qxd1 16. Rxd1 Nxc4 17. Rc2 Be6 18. Na3 Ne5 19. Rxc7 Nxf3+ 20. gxf3 Bb3 21. Rd3 Bxa4 22. Rxb7 a6 23. b6 Rab8 24. Rxb8 Rxb8 25. Be3 Kf8 26. f4 Bd8 27. Rd4 Bc6 28. Rc4 Bd7 29. Bc5+ Ke8 30. Rb4 a5 31. Rb2 Bxh3 32. b7 Bc7 33. Ba7 Bxf4 34. Bxb8 Bxb8 35. Rc2 Bd7 36. Rc8+ 1-0

[Event "HUN-chT2 Toth 1112"]
[Site "Hungary"]
[Date "2012.01.29"]
[Round "5.9"]
[White "Farkas, Janos"]
[Black "Botta, Tibor"]
[Result "1-0"]
[WhiteElo "1835"]
[BlackElo "1942"]
[PlyCount "99"]
[EventDate "2011.09.25"]
[EventType "team-tourn"]
[EventRounds "11"]
[EventCountry "HUN"]
[SourceTitle "EXT 2013"]
[Source "ChessBase"]
[SourceDate "2012.11.22"]
[SourceVersion "1"]
[SourceVersionDate "2012.11.22"]
[SourceQuality "1"]
[WhiteTeam "Maroczy II"]
[BlackTeam "Takisz"]
[WhiteTeamCountry "HUN"]
[BlackTeamCountry "HUN"]

1. e4 e6 2. d4 d5 3. Nc3 dxe4 4. Nxe4 Nf6 5. Ng5 Be7 6. Bc4 0-0 7. N1f3 h6 8. h4 Nd5 9. Qe2 Bf6 10. Bd2 Nc6 11. 0-0-0 Nb6 12. Bd3 Nxd4 13. Qe4 g6 14. Bc3 Nxf3 15. Nxf7 Rxf7 16. Qxg6+ Rg7 17. Qxf6 Qxf6 18. Bxf6 Rxg2 19. Rh3 Ng1 20. Rh1 Nf3 21. Be4 Rxf2 22. Rh3 Kf7 23. Bc3 Nd5 24. Bxf3 Nxc3 25. Bh5+ Ke7 26. Rxc3 c6 27. Rg3 e5 28. Rg7+ Ke6 29. Rd8 b6 30. Bg4+ Kf6 31. Rgg8 Bxg4 32. Rxa8 Be6 33. Rgf8+ Bf7 34. Rxa7 Kg7 35. Rb8 Rh2 36. Rbb7 Rf2 37. Rxb6 c5 38. Rbb7 c4 39. a4 h5 40. Rxf7+ Rxf7 41. Rxf7+ Kxf7 42. Kd2 Ke6 43. Ke3 Kd5 44. a5 Kc5 45. a6 Kb6 46. a7 Kxa7 47. Ke4 Kb6 48. Kxe5 Kc5 49. c3 Kb5 50. Kd5 1-0

[Event "HUN-chT2 Toth 1112"]
[Site "Hungary"]
[Date "2011.11.27"]
[Round "4.10"]
[White "Farkas, Janos"]
[Black "Csolik, Ferenc"]
[Result "1-0"]
[WhiteElo "1835"]
[BlackElo "1848"]
[PlyCount "73"]
[EventDate "2011.09.25"]
[EventType "team-tourn"]
[EventRounds "11"]
[EventCountry "HUN"]
[SourceTitle "EXT 2013"]
[Source "ChessBase"]
[SourceDate "2012.11.22"]
[SourceVersion "1"]
[SourceVersionDate "2012.11.22"]
[SourceQuality "1"]
[WhiteTeam "Maroczy II"]
[BlackTeam "Abony"]
[WhiteTeamCountry "HUN"]
[BlackTeamCountry "HUN"]

1. e4 e5 2. d4 Nc6 3. Nf3 d6 4. h3 a6 5. Bc4 h6 6. 0-0 Nf6 7. dxe5 dxe5 8. Qxd8+ Nxd8 9. Nxe5 Be6 10. Bd3 Be7 11. Be3 0-0 12. f4 Nd7 13. Nxd7 Bxd7 14. Nd2 Bc6 15. f5 Bd6 16. Nc4 f6 17. c3 Nf7 18. a4 b5 19. Na5 Bd7 20. axb5 Bxb5 21. c4 Bd7 22. c5 Be5 23. c6 Bc8 24. Ra2 Nd8 25. Bc4+ Kh7 26. Bc5 Re8 27. b4 Rb8 28. Rc2 g6 29. g4 Kg7 30. Rd1 Nf7 31. Rcd2 Nd6 32. Bd5 Nb5 33. Bc4 Nc3 34. Rd7+ Bxd7 35. Rxd7+ Kh8 36. fxg6 Rg8 37. Rh7# 1-0

[Event "HUN-chT2 Toth 0910"]
[Site "Hungary"]
[Date "2009.12.20"]
[Round "4.7"]
[White "Szalaji, Renata"]
[Black "Farkas, Janos"]
[Result "1-0"]
[WhiteElo "1743"]
[BlackElo "1955"]
[PlyCount "35"]
[EventDate "2009.11.08"]
[EventType "team-tourn"]
[EventRounds "11"]
[EventCountry "HUN"]
[SourceTitle "EXT 2011"]
[Source "ChessBase"]
[SourceDate "2010.11.26"]
[SourceVersion "1"]
[SourceVersionDate "2010.11.26"]
[SourceQuality "1"]
[WhiteTeam "Szentes Spartacus"]
[BlackTeam "Roszke"]
[WhiteTeamCountry "HUN"]
[BlackTeamCountry "HUN"]

1. e4 e5 2. Nf3 Nc6 3. Bc4 Nf6 4. d4 exd4 5. e5 d5 6. Bb5 Ne4 7. Nxd4 Bd7 8. Bxc6 bxc6 9. 0-0 Be7 10. f3 Ng5 11. f4 Ne6 12. f5 Nxd4 13. Qxd4 0-0 14. f6 gxf6 15. exf6 Bd6 16. Bh6 Re8 17. Qh4 Kh8 18. Qg5 1-0

[Event "HUN-chT2 Toth 0910"]
[Site "Hungary"]
[Date "2009.11.22"]
[Round "2.8"]
[White "Farkas, Janos"]
[Black "Nagy, Jozsef"]
[Result "1-0"]
[WhiteElo "1955"]
[BlackElo "1956"]
[PlyCount "97"]
[EventDate "2009.11.08"]
[EventType "team-tourn"]
[EventRounds "11"]
[EventCountry "HUN"]
[SourceTitle "EXT 2011"]
[Source "ChessBase"]
[SourceDate "2010.11.26"]
[SourceVersion "1"]
[SourceVersionDate "2010.11.26"]
[SourceQuality "1"]
[WhiteTeam "Roszke"]
[BlackTeam "Kkfhazi Honved"]
[WhiteTeamCountry "HUN"]
[BlackTeamCountry "HUN"]

1. e4 c5 2. Nf3 d6 3. d4 cxd4 4. c3 dxc3 5. Bc4 Nc6 6. 0-0 Nf6 7. Nxc3 e6 8. Qe2 a6 9. Rd1 Qc7 10. Bf4 e5 11. Bg5 Be6 12. Nd5 Bxd5 13. exd5 Ne7 14. Nxe5 dxe5 15. d6 Qa5 16. b4 Qxb4 17. Rab1 Qc5 18. Be3 Qc8 19. Bg5 Nd7 20. dxe7 Bxe7 21. Bxe7 Kxe7 22. Bd5 Rb8 23. Rbc1 Qd8 24. Qg4 g6 25. Bxf7 Rc8 26. Rxc8 Qxc8 27. Be6 Rd8 28. h4 Qc7 29. Bb3 Qb6 30. Qg5+ Qf6 31. Qh6 Nf8 32. Rc1 Rd7 33. Rc8 Rd8 34. Rc7+ Rd7 35. Rc8 Rd8 36. Rc3 g5 37. Rc7+ Rd7 38. Rxd7+ Nxd7 39. Qxh7+ Kd6 40. h5 Qf4 41. Qd3+ Ke7 42. Qh7+ Kd6 43. g3 Qc1+ 44. Kg2 Nc5 45. Qg6+ Kd7 46. Qg7+ Kd8 47. h6 Nxb3 48. h7 Qc6+ 49. Kh2 1-0

[Event "HUN-chT2 Toth 0809"]
[Site "Hungary"]
[Date "2009.04.05"]
[Round "10.8"]
[White "Andor, Laszlo"]
[Black "Farkas, Janos"]
[Result "0-1"]
[WhiteElo "2080"]
[BlackElo "1909"]
[PlyCount "46"]
[EventDate "2008.10.26"]
[EventType "team-tourn"]
[EventRounds "11"]
[EventCountry "HUN"]
[SourceTitle "EXT 2010"]
[Source "ChessBase"]
[SourceDate "2010.11.25"]
[SourceVersion "1"]
[SourceVersionDate "2010.11.25"]
[SourceQuality "1"]
[WhiteTeam "Bekes"]
[BlackTeam "Roszke"]
[WhiteTeamCountry "HUN"]
[BlackTeamCountry "HUN"]

1. d4 d5 2. c4 c6 3. Nc3 Nf6 4. Nf3 Nbd7 5. e3 e6 6. Bd3 dxc4 7. Bxc4 b5 8. Bd3 a6 9. e4 c5 10. d5 c4 11. dxe6 fxe6 12. Bc2 Bb7 13. 0-0 Bc5 14. Bg5 0-0 15. Qe2 Qc7 16. Rad1 Rac8 17. a3 Ng4 18. h3 Nde5 19. hxg4 Nxf3+ 20. gxf3 Qg3+ 21. Kh1 Qh3+ 22. Kg1 Rxf3 23. Be3 Qxg4+ 0-1

[Event "HUN-chT2 Toth 0708"]
[Site "Hungary"]
[Date "2008.05.18"]
[Round "11"]
[White "Farkas, Janos"]
[Black "Magi, Tibor"]
[Result "1-0"]
[WhiteElo "1893"]
[BlackElo "1908"]
[PlyCount "101"]
[EventDate "2007.10.14"]
[EventType "team"]
[EventRounds "11"]
[EventCountry "HUN"]
[SourceTitle "EXT 2009"]
[Source "ChessBase"]
[SourceDate "2008.11.26"]
[SourceVersion "1"]
[SourceVersionDate "2008.11.26"]
[SourceQuality "1"]
[WhiteTeam "Roszke"]
[BlackTeam "Nadudvar"]
[WhiteTeamCountry "HUN"]
[BlackTeamCountry "HUN"]

1. e4 e6 2. d3 c6 3. Nf3 Ne7 4. g3 d5 5. Nbd2 g6 6. Bg2 Bg7 7. 0-0 e5 8. h3 Qc7 9. Qe2 0-0 10. Re1 Nd7 11. c3 b6 12. Nf1 Bb7 13. Bg5 f6 14. Bd2 c5 15. N1h2 Rf7 16. Ng4 g5 17. Bxg5 fxg5 18. Nxg5 Raf8 19. Nxf7 Rxf7 20. exd5 Bxd5 21. Bxd5 Nxd5 22. Qe4 N5f6 23. Nxf6+ Bxf6 24. Re2 Nf8 25. Rae1 Qb7 26. Qg4+ Rg7 27. Qf5 Qf7 28. b3 Ng6 29. Kh2 Ne7 30. Qf3 Ng6 31. d4 Qe6 32. Qa8+ Kf7 33. Qxa7+ Kg8 34. Qb8+ Kf7 35. dxe5 Be7 36. Re3 Rg8 37. Qb7 Kg7 38. c4 Rd8 39. f4 h5 40. Qf3 Qf5 41. Qe4 Qxe4 42. Rxe4 h4 43. g4 Rd2+ 44. Kg1 Bd8 45. f5 Rxa2 46. fxg6 Ra7 47. e6 Be7 48. Rd1 Kxg6 49. Rd7 Ra1+ 50. Kf2 Kf6 51. Re2 1-0

[Event "HUN-chT2 Toth 0708"]
[Site "Hungary"]
[Date "2007.12.16"]
[Round "5"]
[White "Farkas, Janos"]
[Black "Czegledi, Zsolt"]
[Result "0-1"]
[WhiteElo "1931"]
[BlackElo "2215"]
[PlyCount "46"]
[EventDate "2007.10.14"]
[EventType "team"]
[EventRounds "11"]
[EventCountry "HUN"]
[SourceTitle "EXT 2009"]
[Source "ChessBase"]
[SourceDate "2008.11.26"]
[SourceVersion "1"]
[SourceVersionDate "2008.11.26"]
[SourceQuality "1"]
[WhiteTeam "Roszke"]
[BlackTeam "Takisz"]
[WhiteTeamCountry "HUN"]
[BlackTeamCountry "HUN"]

1. e4 e5 2. d4 exd4 3. Qxd4 Nc6 4. Qe3 d6 5. Nc3 Nf6 6. Bd2 g6 7. 0-0-0 Bg7 8. f3 0-0 9. g4 d5 10. exd5 Nxd5 11. Nxd5 Qxd5 12. b3 Qd6 13. Kb1 a5 14. Be2 Qf6 15. c3 a4 16. Qf4 axb3 17. axb3 Qe7 18. b4 Be6 19. Bc4 Ne5 20. Be2 Ra3 21. Bc1 Rxc3 22. Bb2 Rb3 23. Nh3 Rxb2+ 0-1

[Event "HUN-chT2 Toth 0304"]
[Site "Hungary"]
[Date "2004.01.25"]
[Round "6"]
[White "Farkas, Janos"]
[Black "Herzberger, Tibor"]
[Result "1-0"]
[WhiteElo "2045"]
[BlackElo "1960"]
[PlyCount "38"]
[EventDate "2003.09.28"]
[EventType "team"]
[EventRounds "11"]
[EventCountry "HUN"]
[SourceTitle "EXT 2009"]
[Source "ChessBase"]
[SourceDate "2008.11.26"]
[SourceVersion "1"]
[SourceVersionDate "2008.11.26"]
[SourceQuality "1"]
[WhiteTeam "Maroczy"]
[BlackTeam "Szarvas"]
[WhiteTeamCountry "HUN"]
[BlackTeamCountry "HUN"]

1. e4 e6 2. d3 c5 3. Nd2 Nc6 4. g3 a6 5. Bg2 Rb8 6. Nh3 h6 7. 0-0 d6 8. f4 Be7 9. Nf3 Nf6 10. c3 Qc7 11. Qe2 b5 12. Bd2 Bd7 13. d4 cxd4 14. cxd4 Qb6 15. Rac1 Nxd4 16. Nxd4 Qxd4+ 17. Be3 Qa4 18. e5 Nd5 19. Bxd5 dxe5 1-0

[Event "HUN-chT2 0102"]
[Site "Hungary"]
[Date "2001.10.14"]
[Round "2"]
[White "Farkas, Janos"]
[Black "Balogh, Lajos"]
[Result "0-1"]
[WhiteElo "2041"]
[BlackElo "2105"]
[PlyCount "100"]
[EventDate "2001.??.??"]
[EventType "team"]
[EventRounds "11"]
[EventCountry "HUN"]
[SourceTitle "EXT 2004"]
[Source "ChessBase"]
[SourceDate "2003.11.25"]
[SourceVersion "1"]
[SourceVersionDate "2003.11.25"]
[SourceQuality "1"]

1. e4 c5 2. Nf3 Nc6 3. d4 cxd4 4. Nxd4 e5 5. Nb5 d6 6. Be2 Be7 7. 0-0 a6 8. N5a3 Nf6 9. Nd2 0-0 10. c3 Be6 11. Nc2 Rc8 12. Ne3 b5 13. a4 Qb6 14. axb5 axb5 15. Nf5 Bxf5 16. exf5 d5 17. Qb3 b4 18. Nf3 Rfd8 19. Be3 d4 20. cxd4 exd4 21. Bg5 Na5 22. Qd1 h6 23. Bh4 b3 24. Bd3 Nc4 25. Qe2 Qb4 26. Rfe1 Re8 27. Bxc4 Qxc4 28. Qxc4 Rxc4 29. Bxf6 gxf6 30. Rad1 Rc2 31. Nxd4 Rxb2 32. Re3 Rd8 33. Rxe7 Rxd4 34. Rde1 Rdd2 35. Rf1 Rbc2 36. h3 b2 37. Ree1 Re2 38. Rb1 Kf8 39. g3 Ke7 40. Kg2 Kd6 41. g4 Kc5 42. Kg3 Kb4 43. Kh4 Rxf2 44. Rfe1 Rfe2 45. Rh1 Kb3 46. Rhf1 Rc3 47. Rbd1 Rh2 48. g5 Rhxh3+ 49. Kg4 hxg5 50. Rg1 Rh4# 0-1

[Event "Szeged Portal"]
[Site "Szeged"]
[Date "1997.??.??"]
[Round "?"]
[White "Farkas, Janos"]
[Black "Papp, Laszlo"]
[Result "1/2-1/2"]
[WhiteElo "2045"]
[BlackElo "2210"]
[PlyCount "89"]
[EventDate "1997.??.??"]
[EventType "tourn"]
[EventRounds "11"]
[EventCountry "HUN"]
[SourceTitle "EXT 2001"]
[Source "ChessBase"]
[SourceDate "2000.11.22"]
[SourceVersion "1"]
[SourceVersionDate "2000.11.22"]
[SourceQuality "1"]

1. e4 e6 2. d3 d5 3. Nd2 c5 4. Ngf3 Nc6 5. g3 Be7 6. Bg2 Bd7 7. 0-0 d4 8. Re1 e5 9. Nc4 Qc7 10. a4 h6 11. Kh1 g5 12. h3 g4 13. Ng1 gxh3 14. Bxh3 h5 15. f4 Nf6 16. Nxe5 Nxe5 17. fxe5 Ng4 18. Kg2 Qxe5 19. Bf4 Qe6 20. Qf3 Bc6 21. Re2 0-0-0 22. Kf1 f5 23. Bxg4 hxg4 24. exf5 Qd7 25. Qf2 Rdf8 26. Ke1 Rxf5 27. Kd2 Bd6 28. Rf1 Rhf8 29. Qh2 Bf3 30. Bxd6 Qxd6 31. Nxf3 Rxf3 32. Rxf3 gxf3 33. Rf2 Qe5 34. Qg1 Qe3+ 35. Kd1 Rh8 36. Qe1 Rh1 37. Qxh1 Qxf2 38. Qh8+ Kc7 39. Qe5+ Kc6 40. Qe8+ Kd6 41. Qg6+ Kc7 42. Qf7+ Kb6 43. Qb3+ Kc6 44. Qe6+ Kc7 45. Qe7+ 1/2-1/2